| 000 | 00747nam a22002057a 4500 | ||
|---|---|---|---|
| 999 |
_c7983 _d7983 |
||
| 003 | AR-CdUCM | ||
| 008 | 190321b ||||| |||| 00| 0 spa d | ||
| 020 | _a84-291-4258-4 | ||
| 040 |
_aMUNICIPALIDAD PROVINCIAL DEL CUSCO _cBIBLIOTECA MUNICIPAL DEL CUSCO |
||
| 082 |
_a530.15 / _bF54 |
||
| 110 |
_aEditorial reverte _922557 |
||
| 245 |
_aFísica : _bMatemáticas suplementarias / |
||
| 260 |
_aEspaña : _bReverte, _c1975. |
||
| 300 |
_a155 paginas ; _c22 cm. |
||
| 505 | _aContenido :Generalidades sobre calculo -- Funciones -- Gráficas lineales -- Gráficas no lineales -- Las curvas seno y coseno ... | ||
| 650 |
_aManuales de laboratorio _922558 |
||
| 700 |
_aOsorio Sainz, Carlos (traductor) _922559 |
||
| 942 |
_2ddc _cLIBROS |
||
| 945 | _arum | ||